|
|
|
|
| LEADER |
00000nam0a2200000 4500 |
| 001 |
64984 |
| 005 |
20231101212153.0 |
| 035 |
|
|
|a (RuTPU)RU\TPU\book\68997
|
| 090 |
|
|
|a 64984
|
| 100 |
|
|
|a 20040611d2006 m y0rusy50 ca
|
| 101 |
0 |
|
|a rus
|
| 102 |
|
|
|a RU
|
| 105 |
|
|
|a a j 001zy
|
| 200 |
1 |
|
|a История отечественных средств массовой информации
|e учебное пособие
|f В. В. Бендерский, В. Л. Хмылев
|g Томский политехнический университет; Институт дистанционного образования
|
| 210 |
|
|
|a Томск
|c Изд-во ТПУ
|d 2006
|
| 215 |
|
|
|a 149 с.
|c ил.
|
| 320 |
|
|
|a Библиогр.: с. 149.
|
| 330 |
|
|
|a В учебном пособии в краткой форме изложены теоретические вопросы одноименного курса. По каждой теме представлен как теоретический материал, так и вопросы для повторения и закрепления. Пособие подготовлено на кафедре культурологии и социальной коммуникации гуманитарного факультета, соответствует Государственному образовательному стандарту и предназначено для студентов специальности 030602 «Связи с общественностью» Института дистанционного образования.
|
| 606 |
1 |
|
|a Средства массовой информации
|2 stltpush
|3 (RuTPU)RU\TPU\subj\56098
|9 74028
|
| 610 |
1 |
|
|a СМИ
|
| 610 |
1 |
|
|a история
|
| 610 |
1 |
|
|a Россия
|
| 610 |
1 |
|
|a периодическая печать
|
| 610 |
1 |
|
|a 19 век
|
| 610 |
1 |
|
|a 20 век
|
| 610 |
1 |
|
|a газеты
|
| 610 |
1 |
|
|a журналы
|
| 610 |
1 |
|
|a российская печать
|
| 610 |
1 |
|
|a советская печать
|
| 610 |
1 |
|
|a телевидение
|
| 610 |
1 |
|
|a радио
|
| 610 |
1 |
|
|a полиграфия
|
| 610 |
1 |
|
|a медиарынок
|
| 610 |
1 |
|
|a Томская область
|
| 610 |
1 |
|
|a учебные пособия
|
| 610 |
1 |
|
|a Томск
|
| 686 |
|
|
|a Ч6я73
|v LBC/SL-A
|2 rubbk
|
| 700 |
|
1 |
|a Бендерский
|b В. В.
|c специалист в области культурологии социальной коммуникации
|c доцент Томского политехнического университета
|g Владимир Валерьевич
|2 stltpush
|3 (RuTPU)RU\TPU\pers\24628
|
| 701 |
|
1 |
|a Хмылев
|b В. Л.
|g Владимир Львович
|
| 701 |
|
1 |
|a Хмылёв
|b В. Л.
|c специалист в области социальной философии
|c доцент Томского политехнического университета, кандидат философских наук
|f 1969-
|g Владимир Львович
|2 stltpush
|3 (RuTPU)RU\TPU\pers\24644
|
| 712 |
0 |
2 |
|a Томский политехнический университет (ТПУ)
|b Институт дистанционного образования (ИДО)
|2 stltpush
|3 (RuTPU)RU\TPU\col\12625
|
| 801 |
|
1 |
|a RU
|b 63413507
|c 20040611
|g PSBO
|
| 801 |
|
2 |
|a RU
|b 63413507
|c 20200911
|g PSBO
|
| 900 |
|
|
|a История отечественных средств массовой информации
|
| 942 |
|
|
|c BK
|
| 955 |
|
|
|b 030602
|